|
|
|
|
| LEADER |
01070nam a22002774a 4500 |
| 001 |
7056 |
| 003 |
BD-DhAAL |
| 005 |
20150602144820.0 |
| 008 |
150602s2001 ilua 001 0deng |
| 010 |
|
|
|a 00045150
|
| 020 |
|
|
|a 0809224860
|
| 040 |
|
|
|a DLC
|c DLC
|d DLC
|d BD-DhAAL
|
| 050 |
0 |
0 |
|a GV875.B2
|b E58 2001
|
| 082 |
0 |
0 |
|a 796.357/64/097526
|2 21
|
| 100 |
1 |
|
|a Eisenberg, John,
|d 1956-
|9 11625
|
| 245 |
1 |
0 |
|a From 33rd Street to Camden Yards :
|b an oral history of the Baltimore Orioles /
|c John Eisenberg.
|
| 246 |
3 |
|
|a From Thirty-third Street to Camden Yards
|
| 260 |
|
|
|a Lincolnwood, Ill. :
|b Contemporary Books,
|c c2001.
|
| 300 |
|
|
|a xvii, 509 p. :
|b ill. ;
|c 25 cm.
|
| 500 |
|
|
|a Includes index.
|
| 541 |
|
|
|e 7056
|
| 610 |
2 |
0 |
|a Baltimore Orioles (Baseball team)
|x History.
|9 11626
|
| 610 |
2 |
0 |
|a Baltimore Orioles (Baseball team)
|v Anecdotes.
|9 11627
|
| 942 |
|
|
|2 ddc
|c BK
|
| 999 |
|
|
|c 34593
|d 34593
|
| 952 |
|
|
|0 0
|1 0
|2 ddc
|4 0
|6 796_357640975260000_EIS
|7 0
|9 54024
|a SCL
|b SCL
|c GEN
|d 2015-06-02
|e Gift: The Asia Foundation
|l 0
|o 796.35764097526 EIS
|p 3020007056
|r 2015-06-02
|t 1
|w 2015-06-02
|y BK
|